ISKP: Indigenous knowledge systems & practices in the Philippines (Record no. 17163)

000 -LEADER
fixed length control field 00298nam a22001097a 4500
082 ## - DEWEY DECIMAL CLASSIFICATION NUMBER
Classification number INS 000001
Item number 2020 c.1
100 ## - MAIN ENTRY--AUTHOR NAME
Personal name Biangalen- Magata, Helen
245 ## - TITLE STATEMENT
Title ISKP: Indigenous knowledge systems & practices in the Philippines
300 ## - PHYSICAL DESCRIPTION
Number of Pages 23
700 ## - ADDED ENTRY--PERSONAL NAME
Personal name Bugtong- Biano, Maribeth
942 ## - ADDED ENTRY ELEMENTS (KOHA)
Koha item type Serials
Holdings
Permanent Location Date acquired Collection code Koha item type Accession Number Lost status Shelving location Withdrawn status Current Location Full call number
Cagayan State University - Carig Library2022-06-13SerialsSerialsINS0000012020c1 Serials Cagayan State University - Carig LibraryINS 000001 2020 c.1
Cagayan State University - Carig Library2022-06-13SerialsSerialsINS0000012020c2 Serials Cagayan State University - Carig LibraryINS 000001 2020 c.2
Cagayan State University - Carig Library2022-06-13SerialsSerialsINS0000012020c3 Serials Cagayan State University - Carig LibraryINS 000001 2020 c.3
Cagayan State University - Carig Library2022-06-13SerialsSerialsINS0000012020c4 Serials Cagayan State University - Carig LibraryINS 000001 2020 c.4
Cagayan State University - Carig Library2022-06-13SerialsSerialsINS0000012020c5 Serials Cagayan State University - Carig LibraryINS 000001 2020 c.5

Cagayan State University University Library, Carig Campus
Tuguegarao City, Cagayan 3500 | www.csucarig.edu.ph

Powered by Koha